1116 1670 1600 1713 1690 1676 1720 1732 1930 1478 1289 1635 1342 1971 1835 1775 1847 1274 1013 1900 1930 1595 1807 1655 1964 1385 1025 1623 1251 1382 1179 1036 1603 1473 1298 1319 1948 1879 1241 1491 1667 1456 1895 1058 1672 1232 1599 1879 1581 1818 1724 1107 1051 1426 1519 1496 1793 1877 1031 1835 1376 1556 1336 1176 1786 1796 1130 1180 1889 1473 1523 1593 1923 1004 1405 1658 1906 1756 1648 1158 1925 1943 1858 1236 1730 1154 1679 1569 1216 1555 1411 1402 1426 1558 1089 1507 1671 1069 1572 BCNSPRNW ULIB Ver.6.0+V

เปลี่ยนเป็นภาษาไทย

Change to English
 แสดงรายละเอียดบรรณานุกรม
  กลับหน้าหลัก

Brief Record : Get Marc (ISO 2709) : E-mail record : QR code < ปิดหน้าต่าง
LEADER : 00000nam 2200000uu 4500
001    13399113174
003     ULIB
008    110930s2552||||th 000 0 tha d
020    9789742127343
050  4 QA76.76^bอ618ต 2552
100 0  อาณัติ รัตนถิรกุล
245 10 ติดตั้งและบริหาร Windows Web Hosting ใช้งานในองค์กร (ภาคปฏิบัติ) /^cอาณัติ รัตนถิรกุล
246 30 Windows Web Hosting ใช้งานในองค์กร (ภาคปฏิบัติ)
260    กรุงเทพฯ :^bซีเอ็ดยูเคชั่น,^c2552
300    xii, 454 หน้า :^bภาพประกอบ ;^c22 ซ.ม.
650  4 เว็บเซิร์ฟเวอร์
650  4 เครือข่ายคอมพิวเตอร์^xการจัดการ
650  4 ไคลเอนต์/เซิร์ฟเวอร์
650  4 ระบบเครือข่ายสารสนเทศ
650  4 อินเตอร์เน็ต^xการจัดการ
945    ^p320^l0^i027347
995    ทศพร
999 ^a ศิริพร
รายการนี้ยังไม่มีแท็ก
คุณยังไม่ได้ล็อกอิน คุณสามารถมีกิจกรรมร่วมกับเว็บไซต์ได้ แต่ต้องล็อกอินก่อน ::
  ล็อกอิน

รายการสื่อสารสนเทศ

ลำดับที่ ประเภท เลขเรียก/บาร์โค้ด สถานที่ สถานะ
- ไม่พบข้อมูล -

รายการใกล้เคียง
    ผู้แต่ง [อาณัติ รัตนถิรกุล]

    หัวเรื่อง [เว็บเซิร์ฟเวอร์]
    หัวเรื่อง [ไคลเอนต์/เซิร์ฟเวอร์]
    หัวเรื่อง [ระบบเครือข่ายสารสนเทศ]

BibComment


ยังไม่เคยถูกคอมเมนท์

คอมเมนท์ทรัพยากรรายการนี้
  คอมเมนท์: ติดตั้งและบริหาร ..


 Copyright 2026. Bcnsprnw @Library